Personnages de films d'animation en images - Statistiques

Statistiques générales
  • Ce quiz a été pris 163 fois
    159 depuis la dernière actualisation
  • Le résultat moyen est 17 sur 30
Statistiques - réponses
Par images Réponse % Correct
Fiona
98%
Buzz
97%
Colère
95%
Wall-e
93%
Ralph
91%
Anna
85%
Bowser
83%
Flash McQueen
81%
Drac
66%
Merida
66%
Arlo
61%
Sully
61%
Diego
60%
Flam
54%
Maui
54%
Marin
50%
Krokmou
49%
Megamind
49%
Gromit
48%
Baymax
47%
Miguel
46%
Tigresse
46%
Rango
43%
Stuart
36%
Frozone
34%
Russell
28%
Sally
27%
Mei
17%
Alberto
14%
Buster Moon
13%
Aucun quiz correspondant
Distribution des résultats
% des personnes avec chaque résultat
Percentile par nombre de réponses
Votre historique - résultats
Vous n’avez pas pris ce quiz depuis la dernière actualisation